Нужны ли универсальные компетенции в космосе; Инженерия для освоения космоса
| Parent link: | Инженерия для освоения космоса.— 2017.— [С. 152-154] |
|---|---|
| Автор: | |
| Співавтор: | |
| Інші автори: | |
| Резюме: | Заглавие с экрана В данной статье рассматривается вопрос влияния личностных качеств на профессиональную деятельность. К чему может привести отсутствие компетенций? Какими качествами должен обладать космонавт - испытатель? Проведен анализ трудовых функций космонавта - испытателя, и по этим данным подобраны универсальные компетенции космонавта, находящегося в космосе. Универсальные компетенции - это качества личности, от которых зависит ее успех практически во всех областях профессиональной деятельности. This article discusses the question of the impact of personal qualities on professional activities. What can be due to lack of competencies? What are the qualities of a test cosmonaut? The analysis of the job functions of test - cosmonaut on this data selected generic competence astronaut is in space. Universal jurisdiction is the quality of the person depends on its success in almost all areas of professional activity. |
| Мова: | Російська |
| Опубліковано: |
2017
|
| Серія: | Образовательные тренды подготовки специалистов космической отрасли |
| Предмети: | |
| Онлайн доступ: | http://earchive.tpu.ru/handle/11683/41282 |
| Формат: | Електронний ресурс Частина з книги |
| KOHA link: | https://koha.lib.tpu.ru/cgi-bin/koha/opac-detail.pl?biblionumber=622636 |
MARC
| LEADER | 00000naa2a2200000 4500 | ||
|---|---|---|---|
| 001 | 622636 | ||
| 005 | 20260213133827.0 | ||
| 035 | |a (RuTPU)RU\TPU\conf\21431 | ||
| 035 | |a RU\TPU\conf\21429 | ||
| 090 | |a 622636 | ||
| 100 | |a 20170629d2017 k y0rusy50 ca | ||
| 101 | 0 | |a rus | |
| 102 | |a RU | ||
| 105 | |a y z 101zy | ||
| 135 | |a drgn ---uucaa | ||
| 181 | 0 | |a i | |
| 182 | 0 | |a b | |
| 200 | 1 | |a Нужны ли универсальные компетенции в космосе |d Do we need universal competence in space |f А. Н. Шемякин |g науч. рук. В. С. Иванова | |
| 203 | |a Текст |c электронный | ||
| 225 | 1 | |a Образовательные тренды подготовки специалистов космической отрасли | |
| 300 | |a Заглавие с экрана | ||
| 320 | |a [Библиогр.: с. 154 (4 назв.)] | ||
| 330 | |a В данной статье рассматривается вопрос влияния личностных качеств на профессиональную деятельность. К чему может привести отсутствие компетенций? Какими качествами должен обладать космонавт - испытатель? Проведен анализ трудовых функций космонавта - испытателя, и по этим данным подобраны универсальные компетенции космонавта, находящегося в космосе. Универсальные компетенции - это качества личности, от которых зависит ее успех практически во всех областях профессиональной деятельности. | ||
| 330 | |a This article discusses the question of the impact of personal qualities on professional activities. What can be due to lack of competencies? What are the qualities of a test cosmonaut? The analysis of the job functions of test - cosmonaut on this data selected generic competence astronaut is in space. Universal jurisdiction is the quality of the person depends on its success in almost all areas of professional activity. | ||
| 463 | 0 | |0 (RuTPU)RU\TPU\conf\21387 |t Инженерия для освоения космоса |o сборник научных трудов V Международного молодежного форума, г. Томск, 18-20 апреля 2017 г. |f Национальный исследовательский Томский политехнический университет (ТПУ) ; под ред. В. Н. Борикова [и др.] |v [С. 152-154] |d 2017 | |
| 510 | 1 | |a Do we need universal competence in space |z eng | |
| 610 | 1 | |a труды учёных ТПУ | |
| 610 | 1 | |a электронный ресурс | |
| 610 | 1 | |a профессиональная деятельность | |
| 610 | 1 | |a компетенции | |
| 610 | 1 | |a космонавты | |
| 610 | 1 | |a психофизиологические функции | |
| 610 | 1 | |a социально-психологические характеристики | |
| 700 | 1 | |a Шемякин |b А. Н. |c откупщик |c надворный советник |f 1765-1807 |g Александр Никитич |3 (RuTPU)RU\TPU\pers\16548 |9 5912 | |
| 702 | 1 | |a Иванова |b В. С. |c специалист в области приборостроения |c доцент Томского политехнического университета, ведущий эксперт, кандидат технических наук |f 1977- |g Вероника Сергеевна |4 727 | |
| 712 | 0 | 2 | |a Национальный исследовательский Томский политехнический университет |c (2009- ) |9 26305 |
| 801 | 2 | |a RU |b 63413507 |c 20170705 |g RCR | |
| 856 | 4 | |u http://earchive.tpu.ru/handle/11683/41282 | |
| 942 | |c BK | ||